| 000 | 00989nam0a22002411 4500 | ||
|---|---|---|---|
| 001 | rc\903937 | ||
| 005 | 20250622035336.0 | ||
| 035 | _a(NLR Aleph) 006079197 | ||
| 090 |
_a5076329 _c5076329 |
||
| 100 | _a20041129d1984 |||y0rusy50 ca | ||
| 101 | 0 | _arus | |
| 102 | _aRU | ||
| 105 | _ay ||||||||| | ||
| 200 | 1 |
_aРекомендации по подготовке воды в плавательных бассейнах _fКом. по физ. культуре и спорту при Совете Министров СССР, Гл. упр. капит. стр-ва, Упр. плавания _g[Разраб. к. м. н. Малевской И.А. и технологом Ивлевым В.И.] |
|
| 210 |
_aМ. _cБ. и. _d1984 |
||
| 215 |
_a10 с. _d20 |
||
| 702 | 1 |
_aМалевская _bИ.А. _4570 |
|
| 712 | 0 | 1 |
_aСССР _bКом. по физ. культуре и спорту |
| 801 | 0 |
_aRU _bNLR _gpsbo |
|
| 801 | 1 |
_aRU _bELAR _2rusmarc |
|
| 852 |
_aNLR _j85-4/821 |
||
| 942 | _cBOOK | ||
| 980 | _aNB | ||